| 000 | 00709nam a22002417a 4500 | ||
|---|---|---|---|
| 008 | 131109b xxu||||| |||| 00| 0 eng d | ||
| 020 | _a1-55934-519-5 | ||
| 024 | _cAvailable | ||
| 037 | _cAvailable | ||
| 040 |
_aMBSTU LIBRARY _dMBSTU LIBRARY |
||
| 082 |
_222 _a109 MOP |
||
| 100 | _aMoore, Brooke Noel. | ||
| 245 | _aPhylosophy: the power of ideas. | ||
| 260 |
_aLondon. _bMagfield Pub. Company. _c1996 |
||
| 300 |
_a24 cm. _b755 jpage _f1 _g24 cm. |
||
| 600 | _2Phi.losophy | ||
| 650 | _2Phi.losophy | ||
| 700 | _aMoore, Brooke Noel. | ||
| 270 |
_aLondon.. _bLondon.. _dUK |
||
| 365 |
_b2394.00 _d2394.00 |
||
| 942 |
_2ddc _cBK |
||
| 999 |
_c798 _d798 |
||